01463nam a2200433 u 450000100070000000500170000700800410002403500110006504000130007604100080008908200080009710000650010524501070017026000540027730000140033165000300034565000280037565000300040365000380043365000390047165000370051065000420054765000430058965000450063265000370067765000280071465000260074265000310076865000230079965000290082265000290085165000250088065000210090565000190092665000210094565000320096694200120099899900190101068811120260202151512.0010906e19950202 ||||||m| spa  a688111 ccomduadb aspa 4a30510aKlínger Brahan, William4edt0(viaf)291528154eedt975522810aBases para la formulacion del plan de desarrollo para comunidades afrocolombianas : informe preliminar aSantafé de Bogotá :b[sin publicador],c1995. a194 hojas aComunidades negras932701 aAfrocolombianos9175683 aEtnias de Colombia951111 7aRelaciones étnicas2lemb911583 7aAntropología social2lemb932646 7aPlanes de desarrollo2lemb92111 7aSolución de conflictos2lemb939908 7aParticipación comunitaria2lemb9574 7aParticipación de la mujer2lemb947673 7aGestión ambiental2lemb936466 7aEconomía2armarc9934 7aEcología2lemb9482 7aAgricultura2agrovoc94299 0aArtesanías94770 7aEducación2embne94652 7aRecreación2lemb91098 7aDeportes2lemb91512 7aSalud2lemb9952 aVivienda95191 aTransporte91048 7aComunicación2embne91550 cBOOKn0 c213975d213975